|
|
|
|
| LEADER |
00000nbm0a2200000 4500 |
| 001 |
48768 |
| 005 |
20231031032349.0 |
| 035 |
|
|
|a (RuTPU)RU\TPU\book\51072
|
| 090 |
|
|
|a 48768
|
| 100 |
|
|
|a 20030321d1987 k y0rusy50 ca
|
| 101 |
0 |
|
|a rus
|
| 102 |
|
|
|a RU
|
| 105 |
|
|
|a a m 001zy
|
| 200 |
1 |
|
|a Численный анализ статистических флуктуаций в широких атмосферных ливнях
|e диссертация на соискание ученой степени кандидата физико-математических наук
|e Спец.01.04.16.
|
| 210 |
|
|
|a Томск
|d 1987
|
| 215 |
|
|
|a 173 л.
|c ил.
|
| 320 |
|
|
|a Библиогр.: с. 155-173 (207 назв.).
|
| 610 |
1 |
|
|a физика
|
| 610 |
1 |
|
|a атомное ядро
|
| 610 |
1 |
|
|a элементарные частицы
|
| 610 |
1 |
|
|a численный анализ
|
| 610 |
1 |
|
|a флуктуация
|
| 610 |
1 |
|
|a атмосферные ливни
|
| 610 |
1 |
|
|a энергия
|
| 610 |
1 |
|
|a протоны
|
| 610 |
1 |
|
|a спектр
|
| 610 |
1 |
|
|a адронный каскад
|
| 610 |
1 |
|
|a метод Монте-Карло
|
| 610 |
1 |
|
|a диссертации
|
| 675 |
|
|
|a 539.124.17(048)
|v 3
|
| 700 |
|
1 |
|a Черняев
|b Г. В.
|g Геннадий Васильевич
|
| 702 |
|
1 |
|a Кольчужкин
|b А. М.
|4 727
|
| 712 |
0 |
2 |
|a Томский политехнический институт
|2 stltpush
|3 (RuTPU)RU\TPU\col\1123
|
| 801 |
|
1 |
|a RU
|b 63413507
|c 20030321
|g PSBO
|
| 801 |
|
2 |
|a RU
|b 63413507
|c 20180926
|g RCR
|
| 942 |
|
|
|c BK
|